Big Three Academy Award Winners - Statistics

General Stats
  • This quiz has been taken 25 times
  • The average score is 2 of 49
Answers on the Grid
Answers color-coded by a green-red scale on the quiz's grid according to % correct below.
Wings
The Broadway Melody
All Quiet on the Western Front
Cimarron
Grand Hotel
Cavalcade
It Happened One Night
Mutiny on the Bounty
The Great Ziegfeld
The Life of Emile Zola
You Can't Take It With You
Gone With the Wind
Rebecca
How Green Was My Valley
Mrs. Miniver
Casablanca
Going My Way
The Lost Weekend
The Best Years of Our Lives
Gentleman's Agreement
Hamlet
All the King's Men
All About Eve
An American in Paris
The Greatest Show on Earth
From Here to Eternity
On the Waterfront
Marty
Around the World in 80 Days
The Bridge on the River Kwai
Gigi
Ben-Hur
The Apartment
West Side Story
Lawrence of Arabia
Tom Jones
My Fair Lady
The Sound of Music
A Man for All Seasons
In the Heat of the Night
Oliver!
Midnight Cowboy
Patton
The French Connection
The Godfather
The Sting
The Godfather Part II
One Flew Over the Cuckoo's Nest
Rocky
Annie Hall
The Deer Hunter
Kramer vs Kramer
Ordinary People
Chariots of Fire
Gandhi
Terms of Endearment
Amadeus
Out of Africa
Platoon
The Last Emperor
Rain Man
Driving Miss Daisy
Dances With Wolves
Silence of the Lambs
Unforgiven
Schindler's List
Forrest Gump
Braveheart
The English Patient
Titanic
Shakespeare in Love
American Beauty
Gladiator
A Beautiful Mind
Chicago
Lord of the Rings: Return of the King
Million Dollar Baby
Crash
The Departed
No Country for Old Men
Slumdog Millionaire
The Hurt Locker
The King's Speech
The Artist
Argo
12 Years a Slave
Birdman
Spotlight
Moonlight
The Shape of Water
Green Book
Parasite
Nomadland
Coda
Everything Everywhere All At Once
Oppenheimer
Anora
 
Answer Stats
Answer % Correct
Rain Man
33%
Annie Hall
17%
Anora
17%
Birdman
17%
Casablanca
17%
Gone With the Wind
17%
It Happened One Night
17%
Midnight Cowboy
17%
On the Waterfront
17%
Silence of the Lambs
17%
Terms of Endearment
17%
The King's Speech
17%
A Beautiful Mind
0%
All About Eve
0%
Amadeus
0%
A Man for All Seasons
0%
American Beauty
0%
Dances With Wolves
0%
Everything Everywhere All At Once
0%
Forrest Gump
0%
From Here to Eternity
0%
Gandhi
0%
Gigi
0%
Going My Way
0%
Kramer vs Kramer
0%
Lord of the Rings: Return of the King
0%
Marty
0%
Mrs. Miniver
0%
No Country for Old Men
0%
One Flew Over the Cuckoo's Nest
0%
Ordinary People
0%
Out of Africa
0%
Parasite
0%
Patton
0%
Schindler's List
0%
Slumdog Millionaire
0%
The Apartment
0%
The Best Years of Our Lives
0%
The Bridge on the River Kwai
0%
The Departed
0%
The English Patient
0%
The French Connection
0%
The Godfather Part II
0%
The Hurt Locker
0%
The Last Emperor
0%
The Lost Weekend
0%
The Sting
0%
Tom Jones
0%
Unforgiven
0%
No matching quizzes found
Score Distribution
Percent of People with Each Score
Percentile by Number Answered
Your Score History
You have not taken this quiz